| 000 | 00000nam 2200000za 4500 |
| 001 | 9.696759 |
| 003 | CaOODSP |
| 005 | 20230222145253 |
| 007 | cr ||||||||||| |
| 008 | 150407|2011||||xxc|||||o f|0| 0 eng d |
| 040 | |aCaOODSP|beng |
| 043 | |an-cn--- |
| 086 | 1 |aH128-1/11-656E-PDF |
| 110 | 1 |aCanada. |bHealth Canada. |
| 245 | 10|aCanada Consumer Product Safety Act - quick reference guide : |h[electronic resource]|bproduct safety is in everyone's interest |
| 260 | |aOttawa - Ontario : |bHealth Canada |cc2011. |
| 300 | |a28p.|btables |
| 500 | |aThe catalogue number (H128-1/11-656E) and ISBN (978-1-100-18868-3) for the print edition have been incorrectly copied in this electronic publication. |
| 590 | |a12-42|b2012-10-19 |
| 690 | 07|aConsumer protection|2gcpds |
| 775 | 08|tGuide de consultation rapide - de la Loi canadienne sur la sécurité des produits de consommation : |w(CaOODSP)9.640867 |
| 794 | |tCanada Consumer Product Safety Act - quick reference guide : |w(CaOODSP)9.699275 |
| 856 | 40|ahttp://publications.gc.ca|qPDF|s439 KB|uhttps://publications.gc.ca/collections/collection_2012/sc-hc/H128-1-11-656-eng.pdf |